Louis XIV - Général - Statistiques

Statistiques générales
  • Ce quiz a été pris 316 fois
  • Le résultat moyen est 16 sur 31
Statistiques - réponses
Question Réponse % Correct
Lieu de décès (ville) Versailles
87%
Dernière résidence royale (château) Versailles
87%
Dynastie Bourbon
80%
Comédien et dramaturge français contemporain à sa cour (Nom) Molière
80%
Edit révoqué en 1685 Edit de Nantes
79%
Lieu du couronnement (ville) Reims
74%
Qui est son successeur pour lui (lien familiale) ? Arrière-petit-fils
68%
Période de trouble au début de sa vie La Fronde
68%
Prénom de sa mère Anne d'Autriche
64%
Ministre des finances emprisonné (Prénom Nom) Nicolas Fouquet
58%
Première résidence royale (château) Louvre
57%
Epouse officielle (nom) Marie-Thérèse d'Autriche
54%
Deuxième prénom Dieudonné
51%
Cause de la mort Gangrène
51%
Date de mort exacte (JJ/MM/AAAA) 01/09/1715
49%
Premier ministre après 1662 (Prénom Nom) Jean-Baptiste Colbert
49%
Nom de son frère (Prénom Nom) Philippe d'Orléans
49%
Lieu de naissance (ville) Saint-Germain-en-Laye
46%
Premier ministre jusqu'en 1661 (Prénom Nom) Jules Mazarin
45%
Date de naissance exacte (JJ/MM/AAAA) 05/09/1638
42%
Confession officielle Catholicisme
39%
Dernière épouse secrète du roi (Prénom Nom) Françoise de Maintenon
37%
Première grande favorite officielle (Prénom Nom) Louise de La Vallière
37%
Deuxième grande favorite officielle (Prénom Nom) Athénaïs de Montespan
36%
Ministre de la guerre (nom) Louvois
36%
Guerre (1672-1678) Guerre de Hollande
32%
Institution militaire créée en 1670 Les Invalides
29%
Guerre (1667-1668) Guerre de Dévolution
23%
Date du couronnement exacte (JJ/MM/AAAA) 07/06/1654
22%
Lieu de sa sépulture Basilique de Saint-Denis
17%
Compositeur italien contemporain à sa cour Jean-Baptiste Luly
16%
Aucun quiz correspondant
Distribution des résultats
% des personnes avec chaque résultat
Percentile par nombre de réponses
Votre historique - résultats
Vous n’avez pas pris ce quiz